Score 0/19 Timer 04:00
1 Play Today
Clue Word % Correct
A genderMALE
97.1%
Type of tree for syrup makingMAPLE
93.6%
What a judge bangsGAVEL
83.4%
Pome fruit that's unlike the fruit at the other end of the ladderAPPLE
82.9%
Plenty or just enoughAMPLE
82.7%
Crushed stoneGRAVEL
81.7%
Crawl and beg for thingsGROVEL
76.4%
Stevie Wonder's 'Part-time ___'LOVER
76.1%
Shakespearean KingLEAR
73.7%
Actor Danny of 'Lethal Weapon'GLOVER
73%
Clue Word % Correct
Citrus fruit that's unlike the fruit at the other end of the ladderORANGE
70.2%
A type of beerLAGER
67.7%
Tennis great RodLAVER
61.8%
Suitable for a kingREGAL
61.2%
The burners on the stoveRANGE
60.8%
An abnormal breathing soundRALE
55.2%
Actor Burton of 'Star Trek'LEVAR
49.6%
French composer MauriceRAVEL
45.2%
The daughter of the above Shakespearean KingREGAN
42.7%

Today's Daily Dose

Remove Ads.
Support Sporcle.
Get the best of Sporcle when you Go Orange. This ad-free experience offers more features, more stats, and more fun while also helping to support Sporcle. Thank you for becoming a member.

You're not logged in!

Compare scores with friends on all Sporcle quizzes.
OR
Log In

Show Comments

Extras

Top Quizzes Today


Score Distribution

Your Account Isn't Verified!

In order to create a playlist on Sporcle, you need to verify the email address you used during registration. Go to your Sporcle Settings to finish the process.

Report this User

Report this user for behavior that violates our Community Guidelines.

Details: